Normal view
MARC view
- Esslin, Martin,
Entry Personal Name
001 - CONTROL NUMBER
- control field: 153777
003 - CONTROL NUMBER IDENTIFIER
- control field: DLC
005 - DATE AND TIME OF LATEST TRANSACTION
- control field: 20260417154157.0
008 - FIXED-LENGTH DATA ELEMENTS
- fixed length control field: 020313n| azannaabn |a aaa c
010 ## - LIBRARY OF CONGRESS CONTROL NUMBER
- LC control number: no2002021223
- Canceled/invalid LC control number: n 80050357
- Canceled/invalid LC control number: nb2005003047
035 ## - SYSTEM CONTROL NUMBER
- System control number: (OCoLC)oca05711094
040 ## - CATALOGING SOURCE
- Original cataloging agency: NjP
- Language of cataloging: eng
- Description conventions: rda
- Transcribing agency: NjP
- Modifying agency: DLC
- Modifying agency: NJQ
- Modifying agency: NjP
046 ## - SPECIAL CODED DATES
- Birth date: 1918-06-06
- Death date: 2002-02-24
- Source of date scheme: edtf
100 1# - HEADING--PERSONAL NAME
- Personal name: Esslin, Martin,
- Dates associated with a name: 1918-2002
370 ## - ASSOCIATED PLACE
- Place of birth: Budapest (Hungary)
- Place of death: London (England)
- Source of term: naf
374 ## - OCCUPATION
- Occupation: Theater critics
- Occupation: College teachers
- Occupation: Authors
- Source of term: lcsh
375 ## - GENDER
- Gender: male
377 ## - ASSOCIATED LANGUAGE
- Language code: eng
400 1# - SEE FROM TRACING--PERSONAL NAME
- Personal name: Pereszlényi, Julius,
- Dates associated with a name: 1918-2002
400 1# - SEE FROM TRACING--PERSONAL NAME
- Personal name: Pereszlényi, Gyula Márton,
- Dates associated with a name: 1918-2002
670 ## - SOURCE DATA FOUND
- Source citation: Brecht: a choice of evils, 1959.
670 ## - SOURCE DATA FOUND
- Source citation: Mitterer, E. Dramen, 2001- :
- Information found: Bd. 1, t.p. (Martin Esslin) p. 160 (Univ. Prof. Dr., b. 1918 in Vienna; lists works; lives in London)
670 ## - SOURCE DATA FOUND
- Source citation: Vienna meets Berlin, c2005:
- Information found: p. 5 (In memory of Martin Esslin)
670 ## - SOURCE DATA FOUND
- Source citation: NY Times online obit. pub. June 5, 2002
- Information found: (Martin Esslin, 83, drama critic, teacher, author, d. Feb. 24 in London)
670 ## - SOURCE DATA FOUND
- Source citation: To theatro tou paralogou, 1970:
- Information found: title page (Martin Esslin) cover flap (born in Budapest, grew up in Austria; left Austria in 1938; works at B.B.C. since 1938; theater critic)
670 ## - SOURCE DATA FOUND
- Source citation: Wikipedia, January 20, 2016
- Information found: (Marin Esslin; born Julius Pereszlényi (Hungarian: Pereszlényi Gyula Márton) on 6 June 1918 in Budapest; died on 24 February 2002 in London)



